عرض عادي
عرض مارك
- Sullivan, William G.
مدخل إسم شخص
001 - رقم الضبط
- حقل الضبط: 49746
003 - معرف رقم الضبط
- حقل الضبط: OSt
005 - تاريخ ووقت أخر عملية
- حقل الضبط: 20150729010827.0
008 - عناصر بيانات ثابتة الطول
- حقل تحكم ثابت الطول: 150729|| aca||aabn | a|a d
040 ## - مصدر الفهرسة
- هيئة الفهرسة الأصلية: OSt
- وكالة الكتابة: OSt
100 ## - مدخل -- أسم شخص
- إسم شخص: Sullivan, William G.
670 ## - بيانات المصدر موجوده
- الاستشهاد بالمصدر: Work cat.: (OSt)0: Sullivan, William G., Engineering economy /, 2014.
